000
00321 a2200109 4500
001
ART_43075
005
20260410161629.0
008
260409a
245
1
0
_a
Pago a cuenta del impuesto a las ganancias por ley 27.264
100
1
_a
Zgaib, Alfredo O.
773
0
_t
Enfoques
_g
- NÂș 7 (jul. 2017)
_w
REV416
999
_c
12282
_d
12282